=LDR 00000nam 2200000 4500 =001 NUTBA000000000000075 =005 20140314173251.0 =006 =007 =008 =020 ##$$a 978-979-3027-82-1 =035 ##$$a 0010-031400000000074 =082 ##$$a 610.730 69 =100 ##$$a Wahit iqbal mubarak =245 ##$$a Ilmu keperawatan komunitas $b Konsep dan aplikasi =260 ##$$a Jakarta $b Salemba empat $c 2009 =300 ##$$a 249 hlm $b Ilus $c 28 cm =850 ##$$a NBPNMAT =990 ##$$a 3015/PN/2014 =990 ##$$a 3016/PN/2014 =990 ##$$a 21400613/BPAP-NTB/20142014